000 00413nam a2200157Ia 4500
003 OSt
005 20230530163016.0
008 211028s2013 xx 000 0 und d
040 _cAIMIT LIBRARY
041 _aeng
100 _aAdka, Shiba; Pilar, Bharathi.
_98406
_e111901
110 _aBharathi Pilar
_98407
245 _aResource utilization tracking system.
260 _aMangalore
_c2013
942 _2ddc
_cPRO
999 _c219872
_d219872